000 00513nam a2200193Ia 4500
008 191130s2000##################000#0#eng##
020 _a9780380726233
040 _aACL
_cACL
082 _a813.54 LEH
100 _aLehane, Dennis
245 _aA drink before the war
_cDennis Lehane
260 _aNew York
_bHarperTorch
_c2000
300 _a304 p
650 _aMassachusetts-Boston
650 _aPrivate investigators
990 _ad4d7f753ac10000c795b380c3a331dd2
991 _a366142
999 _c340805
_d340805